|
|
|
|
| LEADER |
01028nta a2200229 i 4500 |
| 001 |
dokt2004 |
| 005 |
20200127115226.0 |
| 008 |
131210s2014 hu om 0|| eng d |
| 024 |
7 |
|
|a 10.14232/phd.2004
|2 doi
|
| 024 |
7 |
|
|a 2785235
|2 mtmt
|
| 040 |
|
|
|a SZTE Doktori Repozitórium
|b hun
|
| 041 |
|
|
|a eng
|
| 100 |
1 |
|
|a Lovász Norbert
|
| 245 |
1 |
4 |
|a The role of ABC transporters in the regulation of uterine contractility in rat
|h [elektronikus dokumentum] /
|c Lovász Norbert
|
| 246 |
1 |
0 |
|a Az ABC transzporterek szerepe a patkány uterusz kontraktilitásának szabályozásában
|h [elektronikus dokumentum]
|
| 260 |
|
|
|c 2014-01-10
|
| 502 |
|
|
|a Disszertacio
|
| 650 |
|
4 |
|a orvostudományok
|
| 700 |
1 |
|
|a Falkay György
|e ths
|
| 856 |
4 |
0 |
|u https://doktori.bibl.u-szeged.hu/id/eprint/2004/1/disszertacio%20egyben.pdf
|z Dokumentum-elérés
|
| 856 |
4 |
0 |
|u https://doktori.bibl.u-szeged.hu/id/eprint/2004/7/lovasz_eng_thes.pdf
|z Dokumentum-elérés
|
| 856 |
4 |
0 |
|u https://doktori.bibl.u-szeged.hu/id/eprint/2004/8/lovasz_hun_tesis.pdf
|z Dokumentum-elérés
|